| 000 | 00989cam a2200277 a 4500 | ||
|---|---|---|---|
| 999 |
_c329820 _d329820 |
||
| 001 | 14487451 | ||
| 003 | NUST | ||
| 005 | 20170523125730.0 | ||
| 008 | 060809r20061910pk b b 000 0 eng | ||
| 010 | _a 2006332846 | ||
| 020 | _a9693518551 | ||
| 040 |
_aDLC _cDLC |
||
| 042 | _alcode | ||
| 043 | _aa-ii--- | ||
| 050 | 0 | 0 |
_aDS485.B52 _bE75 2006 |
| 082 | _a954.912 ERS | ||
| 100 | 1 |
_aErskine, K.D. _91326 |
|
| 245 | 1 | 2 |
_aA gazetteer of the Bikaner State and some statistical tables / _ccompiled by K.D. Erskine. |
| 246 | 3 | _aBikaner State | |
| 260 |
_aLahore: _bSang-e-Meel Publications, _c2006. |
||
| 300 |
_a136 p. : _b1 folded map. ; _c24 cm. |
||
| 500 | _aOriginally published: Ajmer : Scottish Mission Industries, 1910. | ||
| 504 | _aIncludes bibliographical references (p.[106]-107). | ||
| 651 | 0 |
_aBikaner (Princely State) _91327 |
|
| 906 |
_a7 _bcbc _corigode _d3 _encip _f20 _gy-gencatlg |
||
| 942 |
_2ddc _cBK |
||